A most intriguing lady / (Record no. 491391)
[ view plain ]
| 000 -LEADER | |
|---|---|
| fixed length control field | 01297nam a22002297a 4500 |
| 003 - CONTROL NUMBER IDENTIFIER | |
| control field | OSt |
| 005 - DATE AND TIME OF LATEST TRANSACTION | |
| control field | 20260311114906.0 |
| 008 - FIXED-LENGTH DATA ELEMENTS--GENERAL INFORMATION | |
| fixed length control field | 260311b |||||||| |||| 00| 0 eng d |
| 020 ## - INTERNATIONAL STANDARD BOOK NUMBER | |
| International Standard Book Number | 9780008512972 |
| 040 ## - CATALOGING SOURCE | |
| Original cataloging agency | Kenya National Library Service |
| 082 ## - DEWEY DECIMAL CLASSIFICATION NUMBER | |
| Classification number | 823.92 FER |
| 100 ## - MAIN ENTRY--PERSONAL NAME | |
| Personal name | Ferguson, Sarah |
| 245 ## - TITLE STATEMENT | |
| Title | A most intriguing lady / |
| Statement of responsibility, etc. | Sarah Ferguson. |
| 300 ## - PHYSICAL DESCRIPTION | |
| Extent | 358 pages : |
| Dimensions | 20 cm |
| 520 ## - SUMMARY, ETC. | |
| Summary, etc. | Wallflower Lady Mary Montagu Douglas Scott has a secret. Moving effortlessly unnoticed amongst the ballrooms and palaces of Queen Victoria, her sharp intelligence and keen powers of observation allow her to quietly solve society crimes, coming to the rescue of those whose pride and fortune is at stake.Overlooked and underestimated, Mary finds missing money, recovers stolen jewellery and saves reputations. When she meets Colonel Walter Trefusis, an unlikely and spirited alliance is formed. But Mary has more than met her match in her sleuthing partner. As she battles the expectations of society and her family, Mary must follow her heart, whatever the cost… |
| 650 ## - SUBJECT ADDED ENTRY--TOPICAL TERM | |
| Topical term or geographic name entry element | Women spies — Fiction |
| 650 ## - SUBJECT ADDED ENTRY--TOPICAL TERM | |
| Topical term or geographic name entry element | Aristocracy (Social class) — Fiction |
| 700 ## - ADDED ENTRY--PERSONAL NAME | |
| Personal name | Kaye, Marguerite |
| 942 ## - ADDED ENTRY ELEMENTS (KOHA) | |
| Source of classification or shelving scheme | Dewey Decimal Classification |
| Koha item type | Books |
| Suppress in OPAC | No |
| Withdrawn status | Source of classification or shelving scheme | Damaged status | Not for loan | Home library | Current library | Date acquired | Source of acquisition | Cost, normal purchase price | Total checkouts | Full call number | Barcode | Date last seen | Price effective from | Koha item type |
|---|---|---|---|---|---|---|---|---|---|---|---|---|---|---|
| Dewey Decimal Classification | Nakuru Library | Nakuru Library | 03/11/2026 | BAI | 1874.00 | 823.92 FER | B232009 | 03/11/2026 | 03/11/2026 | Books |
